000 00756nam a2200253Ia 4500
003 OSt
005 20220928113657.0
006 a|||||r|||| 00| 0
007 ta
008 220927b |||||||| |||| 00| 0 eng d
020 _cUKP 120.00
024 _a139877
037 _b38, 29/01/2019, Better Book Service
_cTextual
040 _aSDCL
_cSDCL
_beng
041 _2eng
_aeng
082 _aO-:gK, Q9
100 _aSpencer Hayden
_9434428
245 0 _aEnglish literature
_b From Renaissance to seventeenth century
260 _aUnited
_bkingdom ED-Tech press
_c2018
300 _avii,281
_ccm.
650 _aEnglish
942 _hO-:gK, Q9
_cTEXL
_2CC
999 _c750766
_d750766